<?xml version="1.0" encoding="UTF-8"?>
<marc:record xmlns:marc="http://www.loc.gov/MARC21/slim">
   <marc:leader>00000nam a2200000 a 4500</marc:leader>
   <marc:datafield ind1="1" ind2=" " tag="100">
      <marc:subfield code="a">Münch, Peter</marc:subfield>
      <marc:subfield code="4">edt</marc:subfield>
      <marc:subfield code="e">Bearbeiter/-in</marc:subfield>
   </marc:datafield>
   <marc:datafield ind1=" " ind2=" " tag="653">
      <marc:subfield code="a">Aufsatzsammlung</marc:subfield>
   </marc:datafield>
   <marc:datafield ind1="0" ind2="0" tag="245">
      <marc:subfield code="a">Pfalz</marc:subfield>
   </marc:datafield>
   <marc:datafield ind1="0" ind2="0" tag="245">
      <marc:subfield code="c">Red. dieses H.: Peter Münch</marc:subfield>
   </marc:datafield>
   <marc:datafield ind1=" " ind2="1" tag="264">
      <marc:subfield code="a">Hamburg</marc:subfield>
      <marc:subfield code="b">Jahreszeiten-Verl.</marc:subfield>
      <marc:subfield code="c">2008</marc:subfield>
   </marc:datafield>
   <marc:datafield ind1="1" ind2=" " tag="490">
      <marc:subfield code="a">Merian</marc:subfield>
      <marc:subfield code="v">Jg. 61, H. 10</marc:subfield>
   </marc:datafield>
   <marc:datafield ind1="1" ind2=" " tag="520">
      <marc:subfield code="a">Angaben aus der Verlagsmeldung

Pfalz

Wer die Pfalz für eine verschlafene Provinz hält, tut ihr bitter unrecht. Hier ist immer was los: Von derMandelblüte bis zum Spätherbst jagt ein Fest das andere. Weinfeste zumeist, kein Wunder bei mehr als 23.000 Hektar Rebfläche.In PfälzerKellern reifen hoch prämierte Tropfen heran. Gleich hinter der Deutschen Weinstraße erstreckt sich Deutschlands größtes zusammenhängendes Waldgebiet, der Pfälzerwald, ein Dorado für Wanderer, Mountainbiker, Kletterer und Burgenfans. Noch weiter westlich lohnt das Musikantenland eine Entdeckungsreise, und am Rhein überrascht die alte Domstadt Speyer mit einer quicklebendigen Kneipen und Kulturszene.
</marc:subfield>
   </marc:datafield>
   <marc:datafield ind1=" " ind2=" " tag="020">
      <marc:subfield code="a">9783834208101</marc:subfield>
      <marc:subfield code="9">9783834208101</marc:subfield>
   </marc:datafield>
   <marc:datafield ind1=" " ind2=" " tag="041">
      <marc:subfield code="a">ger</marc:subfield>
   </marc:datafield>
   <marc:datafield ind1=" " ind2=" " tag="300">
      <marc:subfield code="a">138 S.</marc:subfield>
   </marc:datafield>
</marc:record>
